Statistics for IDENTIFYING LOGO

Click here to take the quiz!

General Stats

  • This quiz has been taken 49 times
  • The average score is 14 of 15

Answer Stats

Answer% Correct
FACEBOOK
98%
BMW
95%
NIKE
95%
PEPSI
95%
YOUTUBE
95%
APPLE
93%
GOOGLE
93%
KFC
93%
MCDONALDS
93%
INSTAGRAM
90%
PUMA
90%
SNAPCHAT
90%
TOYOTA
90%
FERRARI
88%
MESSENGER
79%

Score Distribution

Percentile by Number Answered

Percent of People with Each Score

Your Score History

You have not taken this quiz